Nikomachische Ethik /
Obra de ética formada por diez libros o capítulos, que el filósofo estagirita Aristóteles (384-322 a.C) dedicó a su hijo Nicómaco, aún siendo éste pequeño. En dicha obra, que manifiesta la madurez de su pensamiento moral, plantea los fines particulares que deben guiar la actividad del hombre, por lo...
Guardado en:
| Autor principal: | |
|---|---|
| Formato: | Libro |
| Idioma: | Alemán |
| Temas: | |
| Etiquetas: |
Sin etiquetas, Sé el primero en etiquetar este registro!
|
MARC
| LEADER | 00000nam^a2200000^a^4500 | ||
|---|---|---|---|
| 001 | 000260743 | ||
| 005 | 20250521000000.0 | ||
| 009 | 20260310110449.009 | ||
| 037 | |a Acervo Xavier Clavigero | ||
| 041 | |a ALE | ||
| 082 | |a 185. |b ARI OBR ETI | ||
| 100 | |a Aristóteles |e (autor) | ||
| 240 | 1 | 1 | |a [Etica a Nicómaco] |
| 245 | 1 | 0 | |a Nikomachische Ethik / |c Aristóteles ; introd., comentarios y tr. por Franz Dirlmeier. |
| 264 | |a Frankfurt, Alemania |b Fischer, |c 1957 | ||
| 300 | |a 225 p. | ||
| 336 | |a texto |b txt |2 rdacontenido | ||
| 337 | |a sin mediación |b n |2 rdamedio | ||
| 338 | |a volumen |b nc |2 rdasoporte | ||
| 520 | |a Obra de ética formada por diez libros o capítulos, que el filósofo estagirita Aristóteles (384-322 a.C) dedicó a su hijo Nicómaco, aún siendo éste pequeño. En dicha obra, que manifiesta la madurez de su pensamiento moral, plantea los fines particulares que deben guiar la actividad del hombre, por lo que aborda el estudio de diversos tópicos como el bien, la felicidad, la justicia, la amistad, la fortaleza, la templanza, el placer, los vicios y las virtudes. | ||
| 649 | |a XX | ||
| 650 | |a Bien y Mal | ||
| 650 | |a Felicidad | ||
| 650 | |a Justicia e Injusticia | ||
| 650 | |a Amistad | ||
| 650 | |a Placer | ||
| 650 | |a Voluntad | ||
| 650 | |a Virtudes | ||
| 650 | |a Vicios | ||
| 650 | |a Etica | ||
| 650 | |a Escuela Aristotélica (Liceo) | ||
| 650 | |a Socráticos | ||
| 650 | |a Filosofía Griega | ||
| 650 | |a Filosofía Clásica | ||
| 910 | |a Fondo General | ||
| 920 | |a Impresos - Libros | ||
| 930 | |a Colección General | ||
| 905 | |a 101 | ||
| 901 | |a 015869 |b IT1 |c ACC |u 20250521 | ||
| 902 | |a https://opac.biblio.iteso.mx/vufind/Record/000260743 | ||